02905nam a2200301 a 4500001001000000003000900010005001700019007000300036008004100039020001800080040003100098082003100129100004300160245009300203264004600296300004700342336002700389337003300416338002800449500007400477505176600551650002702317650005102344650005102395650005202446650004702498650005802545000035751DO-SdBPM20250618124714.0ta111110s2011 dr 001 m spa d a9789945423211 aDO-SdBPMbspacBPMSU drda 4aRD860.4409bC422e 20112221 aCéspedes, Diógenes,d1941-eautor 10aEstudios linguísticos, literarios, culturales y semióticos /cDiógenes Céspedes. aSanto Domingo :bUniversidad APEC, c2011 a470 páginas :bilustraciones ;c24 cm. atextobtxt2rdacontent asin mediaciónbn2rdamedia avolumenbnc2rdacarrier aIncluye referencias bibliográficas y notas al pie de las páginas.0 aLingüística 17|Por una reforma de la ortografía española 19|Mitos lingüísticos en los diarios y otros escritos de Colón 37|Discurso de ingreso de Diógenes Céspedes a la Academia Dominicana de Lengua 59|Lingüística, poética, crítica literaria y gramática a partir del siglo XXI 59|Hay que volver a Saussure : el triste caso de la lingüística hispanoamericana 95|Diccionario de dominicanismos, de Carlos Esteban Deive 111|Irving A. Leonard : un libro ejemplar sobre libros 115|Lo nuevo y lo viejo en el sociolecto de la juventud 123|Estudios poéticos 147|"La mancha indeleble" : valor poético y modernidad de la narrativa latinoamericana 149|Crítica al "concepto" político de identidad 161|Mario Vargas Llosa o la subordinación de la ficción a la historia 177|La dimensión de la ficción y su práctica en Pedro Henríquez Ureña 187|Vigencia de Juan Sánchez Lamouth : una mirada a su época (y a la nuestra) 235|Presentación de la novela "Guerrilla nuestra de cada día", de Efraim Castillo 2553|Discurso ante los invitados al acto de inauguración de la Decimotercera Conferencia de la Asociación Internacional de Literatura Femenina Hispánica 255|Obras y autores dominicanos sobresalientes de los siglos XX y XXI 261|Las novelas de Lacay Polanco 287|Manolo, novela intrahistórica de Edwin Disla 295|La crítica de lo político en tres poemas escénicos de Franklin Mieses Burgos : la ciudad inefable, El héroe, Medea 311|Valor literario y latinoamericanismo en siete cuentos y medio de Juan Bosch 337|Cultura y semiótica 383|El proyecto sociopolítico de Adalberto Chapuseaux 385|Un prólogo necesario : receta para no ser racista 413|La caricatura periodística dominicana hoy día 419 7aLiteratura dominicana. 7aPoesía latinoamericanaxHistoria y crítica 7aAutores latinoamericanosxHistoria y crítica 4aLenguaje y culturaxEnsayos, conferencias, etc. 4aLinguísticaxEnsayos, conferencias, etc. 4aSemiótica y literaturaxEnsayos, conferencias, etc.